TCP/IP network administration

Contents: Overview of TCP/IP; Delivering the data; Name service concepts; Getting started; Basic configuration; Configuring routing...

Spremljeno u:
Bibliografski detalji
Glavni autor: Hunt, Craig
Format: Knjiga
Jezik:Undetermined
Izdano: Sebastopol, CA O'Reilly & Associates 1992
Teme:
Oznake: Dodaj oznaku
Bez oznaka, Budi prvi tko označuje ovaj zapis!
Thư viện lưu trữ: Trung tâm Học liệu Trường Đại học Cần Thơ
LEADER 00686nam a2200193Ia 4500
001 CTU_186805
008 210402s9999 xx 000 0 und d
082 |a 004.6 
082 |b H939 
100 |a Hunt, Craig 
245 0 |a TCP/IP network administration 
245 0 |c Craig Hunt 
260 |a Sebastopol, CA 
260 |b O'Reilly & Associates 
260 |c 1992 
520 |a Contents: Overview of TCP/IP; Delivering the data; Name service concepts; Getting started; Basic configuration; Configuring routing... 
650 |a TCP/IP (Computer network protocol),TCP/IP (Giao thức mạng máy tính) 
904 |i Giang 
980 |a Trung tâm Học liệu Trường Đại học Cần Thơ